Responses for Show #3215 - Friday, July 17, 1998

David Bagley game 1.
Last game of Season 14.

Contestants

[<< previous game]

David Bagley, an attorney from San Diego, California

Kristine McCaffrey, an environmental engineer from Costa Mesa, California

Blaine Faulkner, a chief financial officer from Escondido, California (whose 1-day cash winnings total $11,300)

[next game >>]

Jeopardy! Round responses

MATH
MISNOMERS
FAMILIAR PHRASES
BABY TALK
WHO'RE YOU LOOKIN' AT?
MOVIE NOSTALGIA
    $100 16
90

David
    $100 4
(David: What is gut?)
(Alex: What kind of gut?)

catgut

David
    $100 19
the beans

Kristine
    $100 7
a toddler

Kristine
    $100 25
[Hair of a famous boxing promoter]
...
(Alex: We have less than a minute to go in the round.)

Don King

Kristine
    $100 12
Katharine Hepburn

Blaine
    $200 3
decimal

Kristine
    $200 5
the turkey

Triple Stumper
    $200 20
a knuckle sandwich

Blaine
    $200 8
7

Kristine
    $200 27
[Birthmark on top of bald head]

Mikhail Gorbachev

David
    $200 21
Francis

David
    $300 1
coefficient

Triple Stumper
    $300 6
a nova

Kristine
    $300 22
swoop

David
    $300 9
Dr. Benjamin Spock

Kristine
    $300 28
[Wearing trademark glasses]

Groucho Marx

Triple Stumper
    $300 24
(Blaine: Could that be [*]?)
(Alex: And that is a question and that is correct.)

Marilyn Monroe

Blaine
    $400 2
symmetrical

David
    $400 17
a saber-tooth tiger

Kristine
    $400 23
[Audio of machine gun fire]

Gangbusters

Blaine
    $400 10
(Alex: I've never heard the term either!)

stork bites

Triple Stumper
    $400 29
[Big chin]

Jay Leno

Kristine
    $500 13
The Invisible Man

Blaine
    $500 15
pi

David
    $500 18
a guinea pig

David
    $500 26
his due

Kristine
    $500 11
Anne Geddes

Kristine
    $500 30
[Closeup of nose]
...
(Alex: [Imitating the voice of the correct response] Ah, my son, I think you may be, yes, you are correct!)

W.C. Fields

Blaine
    $500 14
(Blaine: What is To Be or Not to Be?)

Ninotchka

Blaine
Triple Stumper

Scores at the first commercial break (after clue 13):

Blaine Kristine David
$600 $1,600 $500

Scores at the end of the Jeopardy! Round:

Blaine Kristine David
$1,500 $3,100 $2,300

Double Jeopardy! Round responses

BALLET
4 OF A KIND
AROUND THE WORLD
CNN
GREAT BRITS
"C" TO SHINING "C"
(Alex: Each response will begin with the letter "C" and end with the letter "C".)
    $200 26
Judas Iscariot

Kristine
    $200 17
George M. Cohan

Blaine
    $200 6
New Zealand

Kristine
    $200 16
bureaus

Kristine
    $200 11
Lord Nelson

David
    $200 1
chic

Blaine
    $400 27
The Firebird

David
    $400 22
the Four Tops

Blaine
    $400 7
Switzerland

David
    $400 18
CNN Headline News

Blaine
    $400 12
The Beatles

Blaine
    $400 2
Cognac

Kristine
    $600 28
(Kristine: What is Sleeping Beauty?)

Cinderella

BlaineKristine
    $600 23
Roosevelt Grier, Deacon Jones, Lamar Lundy or Merlin Olsen

Blaine
    $1,800 8
St. Christopher

David
    $600 19
[Hammering a wall]

Berlin

Kristine
    $600 13
Thomas Gainsborough

Blaine
    $1,000 3
concentric

Kristine
    $800 29
American Ballet Theatre

Blaine
    $800 24
The Amadeus Quartet

David
    $800 9
Bangladesh

David
    $800 20
John Sununu

David
    $800 14
(Alex: He designed it.)

Sir Christopher Wren

Triple Stumper
    $800 4
cambric

Kristine
    $1000 30
(Kristine: What is Josey Wales?)

Billy the Kid

KristineDavid
    $1000 25
(Kristine: What is the railroad?)
(Alex: Be more specific.)
(Kristine: The Union Pacific?)
(Alex: No, can't accept.)
...
(Alex: Less than a minute to go in the round.)

the Transcontinental Railroad (Central Pacific & Union Pacific)

Kristine
Triple Stumper
    $1000 10
Mogadishu

Blaine
    $1000 21
"The Capital Gang"

David
    $1000 15
Adam Smith

David
    $1000 5
cul-de-sac

Triple Stumper

Scores at the end of the Double Jeopardy! Round:

Blaine Kristine David
$6,700 $3,900 $10,500

[wagering suggestions for these scores]

Final Jeopardy! Round responses

STATUES
(Alex: David, we'll see you in about 7 weeks from now; but that doesn't mean you folks don't tune in on Monday because we have some of our very special programs lined up for you. We'll see you!)
KristineWhat is Venus de Milo?
$100
BlaineWhat is Diana?
$1,200
DavidWhat is Venus de Milo?
$3,000
Venus de Milo

Final scores:

Blaine Kristine David
$5,500 $4,000 $13,500
2nd place: a trip to Hotel Cabo San Lucas, Mexico 3rd place: a DirecTV satellite system New champion: $13,500

Game dynamics:

Coryat scores:

Blaine Kristine David
$6,600 $3,500 $9,300
16 R
(including 1 DD),
1 W
18 R
(including 1 DD),
3 W
18 R
(including 1 DD),
0 W

Combined Coryat: $19,400

[game clues] [game scores] [suggest correction]

Game tape date: 1998-04-14
The J! Archive is created by fans, for fans. Scraping, republication, monetization, and malicious use prohibited; this site may use cookies and collect identifying information. See terms. The Jeopardy! game show and all elements thereof, including but not limited to copyright and trademark thereto, are the property of Jeopardy Productions, Inc. and are protected under law. This website is not affiliated with, sponsored by, or operated by Jeopardy Productions, Inc. Join the discussion at JBoard.tv.